| 000 | 02203cad a22003135a 4500 | ||
|---|---|---|---|
| 001 | L145595 | ||
| 008 | 081024s2008 xxkao f 100 0 eng d | ||
| 020 | _a9781842194348 | ||
| 035 | _a(Sirsi) u145595 | ||
| 041 | 0 | _aeng | |
| 050 | 0 | 4 | _a696.9 $2 18 |
| 100 | 1 | _aGleeson, Colin Patrick | |
| 111 | 2 |
_aConstruction and Building Research Conference _cDublin Institute of Technology, Dublin _d4-5 September 2008 |
|
| 245 | 0 | 0 |
_aBuilding Services and the Code for Sustainable Homes _h[electronic resource] |
| 260 |
_aLondon _bRICS _c2008 |
||
| 505 | 2 | _aAbstract -- Introduction -- Literature search -- Methodology -- Results -- Discussion -- Air permeability -- MVHR -- Boiler efficiency -- Combined service units -- Mass house building and maintenance -- Conclusion -- References | |
| 520 | _aConference paper from COBRA RICS Construction and Building Research Conference. Researches the design of space heating and ventilation to meet the Code for Sustainable Homes (CSH) targets for detached housing. Aims to establish if these new standards are attainable in a mass build context. Also investigates to find out if the Code Level 3 can be reached by improving the envelope alone and the impact that low carbon dioxide emission envelopes can have on space heating and ventilation systems. Concludes that for the Code Level 3 to be met with the envelope only, the standards of construction will have to be much higher. To succeed a mass build of low energy houses, training will be necessary for construction workers. Developers will also need to educate house buyers to these systems put into place with operation and maintenance instructions. | ||
| 521 | 2 | _aAdvanced | |
| 590 | _aKA | ||
| 650 | 2 | 4 | _aCOBRA |
| 650 | 2 | 4 | _aCONSTRUCTION AND BUILDING RESEARCH CONFERENCE |
| 650 | 2 | 4 | _aCODE FOR SUSTAINABLE HOMES |
| 650 | 2 | 4 | _aBUILDING REGULATIONS 2000 APPROVED DOCUMENT L1A (2006 EDITION) |
| 651 | 4 |
_aUnited Kingdom _y |
|
| 690 | _aBUILT ENVIRONMENT-SUSTAINABLE CONSTRUCTION | ||
| 710 | 1 |
_aRoyal Institution of Chartered Surveyors _94900 |
|
| 856 | 4 | 0 |
_uhttps://www.rics.org/site/download_feed.aspx?fileID=3116&fileExtension=PDF _zView the item free of charge at www.rics.org... |
| 942 | _n0 | ||
| 999 |
_c108830 _d108830 |
||